Itália - Statistics

Estatísticas Gerais
  • Esse quiz foi jogado 92 vezes
  • A pontuação média é 7 de 15
Estatísticas das Respostas
Imagem Resposta % Correto
Pizza
95%
Ferrari
94%
Coliseu
92%
Torre de Pisa
90%
Leonardo Da Vinci
66%
Veneza
61%
Vespa
44%
Pavarotti
43%
Pasta
39%
Fiat 500
32%
Expresso
26%
Vesúvio
22%
Turim
17%
Panteão
14%
Basílica de São Marcos
5%
Nenhum quiz correspondente encontrado
Distribuição das Pontuações
Porcentagem de Pessoas com Cada Pontuação
Percentil de Números Respondidos
Sua Pontuação Histórica
Você não jogou esse quiz